東京メトロ 乗降促進メロディ - Statistics

General Stats
  • This quiz has been taken 24 times
  • The average score is 9 of 18
Answer Stats
Groups 方向 曲名 % Correct
丸ノ内線 A線 街並みはるか
82%
丸ノ内線 B線 舞フラワー
71%
東西線 A線 スカイブルー
65%
有楽町線 B線 rapid
65%
副都心線 B線 rapid
65%
千代田線 B線 色鉛筆
59%
銀座線 A線 水の都
53%
東西線 B線 アゲハ蝶のワルツ
53%
千代田線 A線 すべてはここから始まった
53%
千代田線(支線) B線 かぎろい
47%
有楽町線 A線 未来電車
47%
副都心線 A線 未来電車
47%
日比谷線 A線 メトロの休日
35%
銀座線 B線 小鳥のワルツ
29%
日比谷線 B線 七色の翼
24%
半蔵門線 A線 新しい仲間
24%
千代田線(支線) A線 Go Forward
24%
半蔵門線 B線 晴れ晴れと
12%
No matching quizzes found
Score Distribution
Percent of People with Each Score
Percentile by Number Answered
Your Score History
You have not taken this quiz